000 00953nam a2200301 a 4500
001
003 DO-SdBNP
005 20240829085935.0
008 091001s2014 mx a r 000 0 spa d
020 _a9786071624208
040 _aDO-SdBNP
_bspa
_cBPMSU
082 4 _aM863.4
_bR454e 2014
_222
100 1 _aRevuelta, José
_d1914-1976
245 1 4 _aLos errores /
_cJosé Revueltas
250 _a2a. ed.
260 _aMéxico:
_bFondo de Cultura Económica,
_c2014
300 _a278 p. ;
_c24 cm.
_b
490 0 _aLetras Mexicanas
500 _aIncluye datos biográficos del autor en la solapa de la cubierta
504 _a
590 _aInventariado, 2024/VM
600 1 4 _aRevueltas, José Agustín,
_d 1914-1976
_xCrítica e interpretación.
650 4 _aNovela mexicana
650 4 _aLiteratura mexicana
_ySiglo XX
710 2 _aFondo de Cultura Económica (México)
910 _aVMateo V. Cotrol de calidad. BPMSU
942 _2ddc
_cBK
999 _c14787
_d14787